000 00763nam a2200277Ia 4500
001 12890
005 20240113235418.0
007 ta
008 051026s a g b000 u ud u
020 _cHB
040 _aCotton College,Assam
041 _aud
082 _a297.9
_bAr 74 As
100 _aArsalan, Allama Amir Shakib .
245 0 _aAsbab-E-Zawal-E-Muslim /
_cAllama Amir Shakib Arsalan.
_hTextual Documents
250 _a1st ed. /
260 _aDelhi :
_bA. Book Depot ,
_cnd.
300 _a124p. :
_bill ;
_c17cm .
653 _aUrdu Religious Literature-History
653 _aHistory-Urdu Religious Literature
653 _aG-Arabic & Persian
942 _2ddc
_cBK
999 _c12876
_d12876